On This Day: January 17th Quiz Stats

 Plays Quiz Updated Jan 17, 2018

Score 0/7 Timer 03:00
0 Plays Today
Question Answer Wrong Answers
Gulf War combat begins with the launch of Operation ______.
1991
Desert Storm
87.8%
Iraqi Freedom
2.7%
Enduring Freedom
2%
Desert Fox
5.7%
Lorrin A. Thurston, along with the Citizens' Committee of Public Safety, overthrows the Kingdom of ______ and the government of Queen Liliʻuokalani.
1893
Hawaii
80.8%
Tahiti
6.1%
Tonga
9.2%
Vanuatu
3.8%
The United States pays Denmark $25 million for the ______.
1917
Virgin Islands
77.8%
Channel Islands
5.7%
Samoan Islands
10.6%
Balearic Islands
5.3%
This cartoon character, created by E. C. Segar, first appears in the Thimble Theatre comic strip.
1929
Popeye the Sailor
71.9%
Daffy Duck
4.3%
Woody Woodpecker
19.2%
Fred Flintstone
3.3%
This well-known Canadian-American actor, who first gained recognition on the sketch comedy series ‘In Living Color,’ is born.
1962
Jim Carrey
71.1%
Ben Stiller
5.1%
Jeff Daniels
3.3%
Damon Wayans
18.9%
The Doomsday Clock is set to five minutes to midnight in response to this country’s nuclear testing.
2007
North Korea
64.6%
Iran
22.8%
India
4.4%
Russia
6.2%
In his televised farewell address to the nation, US President Dwight D. Eisenhower coins this term while warning against the informal alliance between a nation's military and the arms industry which supplies it.
1961
Military–Industrial Complex
55.6%
Arms Race
32.7%
Space Race
5.9%
Military–Arms Obsession
4.2%

You're not logged in!

Compare scores with friends on all Sporcle quizzes.
OR
Log In

Show Comments

Extras

Top Quizzes Today


Score Distribution

Your Account Isn't Verified!

In order to create a playlist on Sporcle, you need to verify the email address you used during registration. Go to your Sporcle Settings to finish the process.

Report this User

Report this user for behavior that violates our Community Guidelines.

Details: